Последната изчезнала (Запис номер 498495)
[ съкратено ]
| 000 -Лидер | |
|---|---|
| Лидер | 01175nam a2200277 a 4500 |
| 003 - Код на организацията, давaща контролен номер | |
| Код на организацията, даваща контролен номер | BLK |
| 005 - Дата и час на последна редакция | |
| Дата и час на последна редакция | 20250801091509.0 |
| 008 - Елементи от данни с фиксирана дължина | |
| Елементи с фиксирана дължина | 180411b bul|||||r ||||||| ||bul|| |
| 020 ## - Международен стандартен номер на книга ISBN | |
| ISBN | 978-954-26-2272-7 |
| Коментар към ISBN | 9789542622727 |
| 040 ## - Източник на каталожния запис | |
| Код на библиотеката | BLK |
| 041 ## - Код за език | |
| Език | Български |
| Език за КДБФ | Български |
| 080 ## - УДК | |
| УДК текст | Ирландска литература (на Ейре) на английски език (вж и 821.152.1) |
| УДК код | 821.111(417) |
| УДК – определител | -31 |
| УДК – код + определител | 821.111(417)-31 |
| 084 ## - Класификационен индекс по друга класификация | |
| Авторски знак | Спе - С 56 |
| 100 ## - Редна дума - Автор | |
| Автор | Спейн, Джо |
| R(LIN) | 480635 |
| 245 10 - Сведения за заглавието | |
| Заглавие | Последната изчезнала |
| Подзаглавни данни | Роман |
| Авторска отговорност | Джо Спейн ; прев. от англ. Дори Габровска |
| 257 ## - Страна на издаване | |
| Страна на създаване/издаване | Ирландия |
| 260 ## - Област на издателските данни | |
| Място на издаване | Пловдив |
| Име на издателя | Хермес |
| Година на издаване | 2023 |
| Печатница | Костинброд : Мултипринт |
| 300 ## - Физическа характеристика | |
| Брой страници | 400 с. |
| Размер | 20 см |
| 380 ## - Жанр | |
| Жанр | Худож. лит. |
| 500 ## - Общи забележки | |
| Обща забележка | Ориг. загл.: The Last To Disapear / Jo Spain. |
| 700 1# - Други автори (авторска отговорност) | |
| Друг автор | Габровска, Дори Генадиева |
| Дати, свързани с автора | 1969 - |
| Авт. отговорност на др. автор | прев. от англ. |
| 9 (RLIN) | 50364 |
| 856 ## - Електронен адрес и достъп | |
| Инструкция (цена за достъп) | 0.00 |
| Права за достъп | disable |
| 942 ## - АРТИКУЛИ | |
| Вид на библиотечния документ | Книги |
| Скрит в OPAC | Не |
| Периодичен библиозапис | Да |
| Koha issues (borrowed), all copies | 63 |
| 944 ## - СЪЗДАВАНЕ И РЕДАКЦИЯ на ЗАПИСА | |
| Създаване/Редакция | |
| Дата на регистрацията/редакция | Диана Гривева |
| Номер на служител | Нора Радева |
| Служител, извършил регистрацията/редакцията | 30545 |
| 999 ## - СИСТЕМНИ КОНТРОЛНИ НОМЕРА | |
| Koha biblionumber | 498495 |
| Koha biblioitemnumber | 498495 |
| Код за отписване | Код за изгубен артикул | Източник на класификационната схема | Код за повреда | Код за отдаване | Артикулен № | Име на библиотеката - собственик | Име на библиотеката, в която се намира в момента | Статус (Текущо местоположение) | Дата на вписване в системата | Местоположение - отдел | Цена в лева | Инвентарен номер | Систематично азбучна сигнатура | Баркод | Цена в евро | Служебен тип на артикула | Коз за рестрикции |
|---|---|---|---|---|---|---|---|---|---|---|---|---|---|---|---|---|---|
| Не е изгубен | Universal Decimal Classification | Не е повреден | заемане за дома | 936874 | Регионална библиотека "Любен Каравелов" Русе | Регионална библиотека "Любен Каравелов" Русе | Заемна - подръчен фонд | 2023-11-22 | Заемна - подръчен фонд | 13.97 | 120000895955 | 821-31/С 56 Д | 120000895955 | 7.14 | Книги | ||
| Не е изгубен | Universal Decimal Classification | Не е повреден | заемане за дома | 936875 | Регионална библиотека "Любен Каравелов" Русе | Регионална библиотека "Любен Каравелов" Русе | Заемна - подръчен фонд | 2023-11-22 | Заемна - подръчен фонд | 13.97 | 120000895956 | 821-31/С 56 Д | 120000895956 | 7.14 | Книги | ||
| Не е изгубен | Universal Decimal Classification | Не е повреден | ползва се в читалня | 944974 | Регионална библиотека "Любен Каравелов" Русе | Регионална библиотека "Любен Каравелов" Русе | Хранилище | 2024-07-02 | Хранилище | 19.95 | 120000910100 | Цб 323476 | 120000910100 | 10.20 | Книги | само за читалня |